Gramática histórica catalana / A. Griera
Publicado:
San Cugat del Vallés :
Instituto Internacional de Cultura Románica [de la Excma. Diputación Provincial de Barcelona] ,
1965
Descripción Física:
164 p. ; 25 cm
Colección:
Biblioteca filológica histórica ; 16
Materias:
Català -- Gramàtica històrica
MARC
| LEADER | 00000nam a2200000Ia 4500 | ||
|---|---|---|---|
| 001 | 1670 | ||
| 008 | 160829s1965 xx 000 0 cat d | ||
| 080 | |a L-1-31 | ||
| 100 | 1 | |a Griera, A. |q (Antoni), |d 1887-1973 |9 36434 | |
| 245 | |a Gramática histórica catalana / A. Griera | ||
| 260 | |a San Cugat del Vallés : |b Instituto Internacional de Cultura Románica [de la Excma. Diputación Provincial de Barcelona], |c 1965 | ||
| 300 | |a 164 p. ; |c 25 cm | ||
| 490 | |a Biblioteca filológica histórica ; 16 | ||
| 650 | |a Català |x Gramàtica històrica |9 24898 | ||
| 710 | 1 | |a Barcelona (Catalunya : Província). |b Diputació |9 52408 | |
| 710 | 2 | |a Instituto Internacional de Cultura Románica |9 54313 | |
| 901 | |a Arxiu | ||
| 942 | |n 1 | ||
| 952 | |0 0 |1 0 |4 0 |6 L131 |7 1 |9 43365 |a Arxiu |b Arxiu |d 2016-12-01 |l 0 |o L-1-31 |p 1670 |r 2016-12-01 00:00:00 |w 2016-12-01 |y ARXIU | ||
| 999 | |c 45910 |d 45910 | ||